<?xml version="1.0" encoding="UTF-8"?>
<record
    xmlns:xsi="http://www.w3.org/2001/XMLSchema-instance"
    xsi:schemaLocation="http://www.loc.gov/MARC21/slim http://www.loc.gov/standards/marcxml/schema/MARC21slim.xsd"
    xmlns="http://www.loc.gov/MARC21/slim">

  <leader>00406nam a22001697a 4500</leader>
  <datafield tag="999" ind1=" " ind2=" ">
    <subfield code="c">6410</subfield>
    <subfield code="d">6408</subfield>
  </datafield>
  <controlfield tag="005">20210904103705.0</controlfield>
  <controlfield tag="008">200521b        xxu||||| |||| 00| 0 eng d</controlfield>
  <datafield tag="020" ind1=" " ind2=" ">
    <subfield code="a">9788194075721</subfield>
  </datafield>
  <datafield tag="041" ind1=" " ind2=" ">
    <subfield code="a">eng</subfield>
  </datafield>
  <datafield tag="082" ind1=" " ind2=" ">
    <subfield code="a">342.54 PAN</subfield>
  </datafield>
  <datafield tag="100" ind1=" " ind2=" ">
    <subfield code="a">Pandey Dr. J.N</subfield>
    <subfield code="9">5723</subfield>
  </datafield>
  <datafield tag="245" ind1=" " ind2=" ">
    <subfield code="a">Constitutional Law of India</subfield>
  </datafield>
  <datafield tag="260" ind1=" " ind2=" ">
    <subfield code="a">Allahabad</subfield>
    <subfield code="b">Central Law Agency</subfield>
  </datafield>
  <datafield tag="300" ind1=" " ind2=" ">
    <subfield code="a">881p.</subfield>
  </datafield>
  <datafield tag="650" ind1=" " ind2=" ">
    <subfield code="a">Law</subfield>
    <subfield code="9">5701</subfield>
  </datafield>
  <datafield tag="942" ind1=" " ind2=" ">
    <subfield code="c">BK</subfield>
  </datafield>
  <datafield tag="952" ind1=" " ind2=" ">
    <subfield code="0">0</subfield>
    <subfield code="1">0</subfield>
    <subfield code="4">0</subfield>
    <subfield code="7">0</subfield>
    <subfield code="8">REF</subfield>
    <subfield code="a">JRU</subfield>
    <subfield code="b">JRU</subfield>
    <subfield code="c">Shelf - 13- A</subfield>
    <subfield code="d">2020-06-02</subfield>
    <subfield code="e">PURCHASE</subfield>
    <subfield code="g">650.00</subfield>
    <subfield code="l">5</subfield>
    <subfield code="m">3</subfield>
    <subfield code="o">342.54 PAN</subfield>
    <subfield code="p">24315</subfield>
    <subfield code="q">2026-06-26</subfield>
    <subfield code="r">2026-03-28 10:48:20</subfield>
    <subfield code="s">2026-03-28</subfield>
    <subfield code="w">2020-06-02</subfield>
    <subfield code="y">BK</subfield>
  </datafield>
  <datafield tag="952" ind1=" " ind2=" ">
    <subfield code="0">0</subfield>
    <subfield code="1">0</subfield>
    <subfield code="4">0</subfield>
    <subfield code="7">0</subfield>
    <subfield code="8">CS/IT</subfield>
    <subfield code="a">JRU</subfield>
    <subfield code="b">JRU</subfield>
    <subfield code="c">SHELF-29-A</subfield>
    <subfield code="d">2020-06-02</subfield>
    <subfield code="e">PURCHASE</subfield>
    <subfield code="g">650.00</subfield>
    <subfield code="l">12</subfield>
    <subfield code="m">4</subfield>
    <subfield code="o">342.54 PAN</subfield>
    <subfield code="p">24316</subfield>
    <subfield code="q">2026-05-19</subfield>
    <subfield code="r">2026-05-04 13:37:59</subfield>
    <subfield code="s">2026-05-04</subfield>
    <subfield code="w">2020-06-02</subfield>
    <subfield code="y">BK</subfield>
  </datafield>
  <datafield tag="952" ind1=" " ind2=" ">
    <subfield code="0">0</subfield>
    <subfield code="1">0</subfield>
    <subfield code="4">0</subfield>
    <subfield code="7">0</subfield>
    <subfield code="8">REF</subfield>
    <subfield code="a">JRU</subfield>
    <subfield code="b">JRU</subfield>
    <subfield code="c">SHELF-1-C</subfield>
    <subfield code="d">2020-06-02</subfield>
    <subfield code="e">PURCHASE</subfield>
    <subfield code="g">650.00</subfield>
    <subfield code="l">7</subfield>
    <subfield code="o">342.54 PAN</subfield>
    <subfield code="p">24317</subfield>
    <subfield code="r">2024-10-17 15:37:21</subfield>
    <subfield code="s">2024-10-14</subfield>
    <subfield code="w">2020-06-02</subfield>
    <subfield code="y">BK</subfield>
  </datafield>
  <datafield tag="952" ind1=" " ind2=" ">
    <subfield code="0">0</subfield>
    <subfield code="1">0</subfield>
    <subfield code="4">0</subfield>
    <subfield code="7">0</subfield>
    <subfield code="8">CS/IT</subfield>
    <subfield code="a">JRU</subfield>
    <subfield code="b">JRU</subfield>
    <subfield code="c">SHELF-29-A</subfield>
    <subfield code="d">2020-06-02</subfield>
    <subfield code="e">PURCHASE</subfield>
    <subfield code="g">650.00</subfield>
    <subfield code="l">4</subfield>
    <subfield code="o">342.54 PAN</subfield>
    <subfield code="p">24318</subfield>
    <subfield code="r">2024-11-29 10:53:25</subfield>
    <subfield code="s">2024-08-28</subfield>
    <subfield code="w">2020-06-02</subfield>
    <subfield code="y">BK</subfield>
  </datafield>
  <datafield tag="952" ind1=" " ind2=" ">
    <subfield code="0">0</subfield>
    <subfield code="1">0</subfield>
    <subfield code="4">0</subfield>
    <subfield code="7">0</subfield>
    <subfield code="8">CS/IT</subfield>
    <subfield code="a">JRU</subfield>
    <subfield code="b">JRU</subfield>
    <subfield code="c">SHELF-29-A</subfield>
    <subfield code="d">2020-06-02</subfield>
    <subfield code="e">PURCHASE</subfield>
    <subfield code="g">650.00</subfield>
    <subfield code="l">7</subfield>
    <subfield code="m">2</subfield>
    <subfield code="o">342.54 PAN</subfield>
    <subfield code="p">24319</subfield>
    <subfield code="q">2026-05-19</subfield>
    <subfield code="r">2026-05-04 13:38:59</subfield>
    <subfield code="s">2026-05-04</subfield>
    <subfield code="w">2020-06-02</subfield>
    <subfield code="y">BK</subfield>
  </datafield>
</record>
